| 000 | 00245 a2200109 4500 | ||
|---|---|---|---|
| 999 |
_c328233 _d328233 |
||
| 001 | 93160 | ||
| 003 | NUST | ||
| 005 | 20180120133438.0 | ||
| 008 | 180120b xxu||||| |||| 00| 0 eng d | ||
| 082 | _a370.7 HUG | ||
| 100 |
_aHughes, A.G _99202 |
||
| 245 |
_aLearning & Teaching _hEnglish |
||
| 260 |
_bLongmans _c1960 |
||
| 942 |
_aCAE NUST _cBK _k370.7 HUG _2ddc |
||